Word Ladder: 2016 Primetime Emmy Nominees Quiz Stats

Quiz Updated Sep 18, 2016

Challenge
Share
Tweet
Embed
Score 0/23 Timer 03:00
0 Plays Today
Hint 4-Letter Word % Correct
A partition between roomsWALL
95.5%
★ '___ of Thrones' (Outstanding Drama Series) ★★GAME★
94.9%
★ 'Jimmy Kimmel ___!' (Outstanding Variety Talk Series) ★★LIVE★
94.4%
A thin, continuous markLINE
93.8%
Solitary or without dependents LONE
92.6%
★ 'The ___ ___ Show with James Corden' (Outstanding Variety Talk Series) ★★LATE★
91.8%
★ 'Better ___ Saul' (Outstanding Drama Series) ★★CALL★
91.7%
A closable entrance to a manor or castleGATE
90.8%
Domesticated, especially a formerly wild animalTAME
89.9%
★ 'The Amazing ___' (Outstanding Reality-Competition Program) ★★RACE★
89.4%
★ 'Real ___ with Bill Maher' (Outstanding Variety Talk Series) ★★TIME★
88.8%
★ ___ Forte (Outstanding Lead Actor in a Comedy Series) ★★WILL★
87.5%
Hint 4-Letter Word % Correct
★ 'Master of ___' (Outstanding Comedy Series) ★★NONE★
87.5%
★ Andre Braugher in 'Brooklyn ___ ___' (Outstanding Supporting Actor in a Comedy Series) ★★NINE★
87.1%
Starch often used in Asian cookingRICE
87.1%
Weaponized spray made from the covering of a nutmeg's kernelMACE
86.3%
Containing few calories or fatLITE
85.9%
Between sunset and sunrise (informal)NITE
85.2%
Coleridge poem: 'The ___ of the Ancient Mariner'RIME
83.3%
★ ___ Tomlin (Outstanding Lead Actress in a Comedy Series) ★★LILY★
82.5%
Cunning or skilledWILY
78.6%
★ William H. ___ (Outstanding Lead Actor in a Comedy Series) ★★MACY★
77.7%
Roman author and historianLIVY
76.3%

Today's Daily Dose

Missing Word
1998 A-Z Movies

Word Ladder
5 Vowel Sounds

Quick Pick
Legal Terms

On This Day
June 25th II

You're not logged in!

Compare scores with friends on all Sporcle quizzes.
Join for Free
OR
Log In

You Might Also Like...

Show Comments

Extras

Top Quizzes Today


Score Distribution

Your Account Isn't Verified!

In order to create a playlist on Sporcle, you need to verify the email address you used during registration. Go to your Sporcle Settings to finish the process.

Report this User

Report this user for behavior that violates our Community Guidelines.

Details: